000 00720nam a2200229 a 4500
001 BRCA_3888
005 20190320204449.0
008 291209s2007----mx-a######---#000-0#spa-#
020 _a9685852081
041 _aspa
044 _amx
050 4 _aNK1510
_b.G66 2007
100 1 _aGonzález Ochoa, César
_910114
245 1 0 _aEl significado del diseño y la construcción del entorno
_cCésar González Ochoa ; diseño y formación Oscar Salinas Losada.
260 _aMéxico
_bDesignio
_c2007
300 _a215 p.
_bil.
_c23 cm.
440 0 _aTeoría y práctica
_910115
504 _aBibliografía: p. 211-215
650 1 4 _aDiseño
_xSignificado
_910116
700 1 _aSalinas Losada, Oscar
_910117
942 _2lcc
_cB
999 _c3616
_d3616